00566nam a2200193Ia 4500001000700000008004100007020001800048035001600066041001000082084001300092100003800105245008700143260004000230300002200270490001800292650002700310650002600337650000900363020170221003s2004 xx 000 0 spa d a84-8456-018-X aCENDO_13253 aspab aCD-05859 aVALDECABRES ORTIZ, María Isabel 0aImparciliadad del juez y medios de comunicación /cMª Isabel Valldecabres Ortiz aValencia :bTirant lo Blanch,c2004 a765 p. ;c 22 cm aMonografías aPROCEDIMIENTO JUDICIAL aLIBERTAD DE EXPRESION aJUEZ